00640nam a22001457a 4500020001400000082001800014100003100032245014400063260005200207300001100259650003500270942001200305999001900317952015800336 a969408136 a346.0463bALW aHassan Abdullah Alwi Haji  aSales and contracts in early Islamic commercial law / bIslamic Research Institute, Islamabad: Publication no.92cAbdullah Alwi Haji Hassan aIslamabad,bIslamic Research Institute, c1986. a266,p. aIslamic commercial law9127959 2ddccBK c612953d612953 00102ddc406346_046300000000000_ALW709637589aNLSbNLSd2025-02-25ePurchased by Multiline Booksl0o346.0463 ALWpNLS-10r2025-02-25w2025-02-25yBK